|
|
|
|
| LEADER |
00962nab a2200205 i 4500 |
| 001 |
misc27973 |
| 005 |
20191111110248.0 |
| 008 |
170923s1989 hu o 0|| zxx d |
| 040 |
|
|
|a SZTE Miscellanea Repozitórium
|b hun
|
| 041 |
|
|
|a zxx
|
| 100 |
1 |
|
|a Fülöp Ferenc
|
| 245 |
1 |
0 |
|a Ring-chain tautomerism of 1,3-oxazolidine derivatives of norephedrine and norspeudoephedrine, and their synthetic applications
|h [elektronikus dokumentum] /
|c Fülöp Ferenc
|
| 260 |
|
|
|c 1989
|
| 300 |
|
|
|a 1-2
|
| 490 |
0 |
|
|a Kolligátum
|
| 695 |
|
|
|a Heterociklusos vegyületek - szintézis - előadáskivonat, Szerves kémia - reakciómechanizmus - előadáskivonat, Sztereokémia - előadáskivonat, Gyógyszerkémia - szerves - előadáskivonat
|
| 700 |
0 |
1 |
|a Bernáth Gábor
|e aut
|
| 700 |
0 |
1 |
|a Pihlaja Kalevi
|e aut
|
| 710 |
|
|
|a International Congress of Heterocyclic Chemistry (12.) (1989) (Jerusalem)
|
| 856 |
4 |
0 |
|u http://misc.bibl.u-szeged.hu/27973/1/018_019_324-325.pdf
|z Dokumentum-elérés
|